[Event "RUS Cup Qualifier 5"]
[Site "chessassistantclub.com INT"]
[Date "2004.12.24"]
[Round "?"]
[White "Klimenko, Sergey"]
[Black "Mesropov, Konstantin Eduard"]
[Result "1-0"]
[WhiteElo "2429"]
[BlackElo "2420"]
[PlyCount "193"]
[EventDate "2004.12.24"]
[EventType "swiss (blitz)"]
[EventRounds "13"]
[EventCountry "RUS"]
[SourceTitle "CBM 104 Extra"]
[Source "ChessBase"]
[SourceDate "2005.03.01"]
[SourceVersion "1"]
[SourceVersionDate "2005.03.01"]
[SourceQuality "1"]

1. d4 d5 2. c3 c6 3. Bf4 e6 4. e3 f5 5. Nd2 Nf6 6. Be2 Bd6 7. Bxd6 Qxd6 8. f4 c5 9. g3 0-0 10. Ngf3 b6 11. Ne5 Ba6 12. Bxa6 Nxa6 13. 0-0 Nb8 14. a4 Nbd7 15. a5 Qc7 16. Qa4 Nxe5 17. fxe5 Ng4 18. Rfe1 c4 19. h3 Nh6 20. axb6 Qxb6 21. Ra2 a5 22. Rea1 g5 23. Qd1 g4 24. h4 Rf7 25. Nb1 Rfa7 26. Na3 Kh8 27. Nc2 Ng8 28. Ne1 Ne7 29. Ng2 Ng6 30. h5 Nf8 31. Nf4 Qc6 32. Qa4 Qxa4 33. Rxa4 Kg7 34. R1a3 Kf7 35. b4 cxb3 36. Rxb3 Nd7 37. Rb5 Ke7 38. Kf2 Ra6 39. Ke2 Nb6 40. Ra2 a4 41. Nd3 Nd7 42. Ra3 Rb6 43. Rb4 Rxb4 44. cxb4 Kd8 45. Nc5 Nxc5 46. dxc5 Kc7 47. b5 Ra5 48. Kd3 Rxb5 49. Rxa4 Rxc5 50. Ra7+ Kb6 51. Rxh7 Ra5 52. Re7 Ra3+ 53. Kd4 Ra4+ 54. Kc3 Ra3+ 55. Kd2 Ra2+ 56. Kd1 Kc5 57. Rxe6 Kc4 58. Rd6 Ra1+ 59. Kd2 Ra2+ 60. Kc1 Kc3 61. Kb1 Rb2+ 62. Ka1 Rd2 63. h6 Rd1+ 64. Ka2 Rd2+ 65. Ka3 Rh2 66. e6 Rxh6 67. Rc6+ Kd3 68. e7 Rh8 69. Re6 Re8 70. Kb4 d4 71. exd4 f4 72. gxf4 g3 73. d5 g2 74. Rg6 Rxe7 75. Rxg2 Kd4 76. Rd2+ Ke3 77. Rd1 Rd7 78. Kc5 Ke2 79. Ra1 Ke3 80. Kc6 Rh7 81. d6 Kxf4 82. d7 Rh6+ 83. Kc7 Rh7 84. Kc8 Rh8+ 85. d8Q Rxd8+ 86. Kxd8 Ke5 87. Ra7 Kd5 88. Rd7+ Kc6 89. Ke7 Kb6 90. Kd6 Kb5 91. Rc7 Kb4 92. Rc5 Kb3 93. Kd5 Ka4 94. Kc4 Ka3 95. Kc3 Ka4 96. Rd5 Ka3 97. Ra5# 1-0

[Event "RUS Cup Qualifier 5"]
[Site "chessassistantclub.com INT"]
[Date "2004.12.24"]
[Round "?"]
[White "Pugachov, Alexey"]
[Black "Klimenko, Sergey"]
[Result "1/2-1/2"]
[WhiteElo "2449"]
[BlackElo "2429"]
[PlyCount "79"]
[EventDate "2004.12.24"]
[EventType "swiss (blitz)"]
[EventRounds "13"]
[EventCountry "RUS"]
[SourceTitle "CBM 104 Extra"]
[Source "ChessBase"]
[SourceDate "2005.03.01"]
[SourceVersion "1"]
[SourceVersionDate "2005.03.01"]
[SourceQuality "1"]

1. e4 c5 2. Nf3 d6 3. Bb5+ Bd7 4. Bxd7+ Qxd7 5. c4 Nc6 6. Nc3 e6 7. d4 cxd4 8. Nxd4 Nf6 9. 0-0 Be7 10. Be3 0-0 11. f4 d5 12. Nxc6 bxc6 13. e5 Ne8 14. cxd5 cxd5 15. Bd4 g6 16. Qd3 Ng7 17. Kh1 Rab8 18. b3 Nf5 19. Bf2 h5 20. Rac1 Rb4 21. Ne2 a5 22. Be1 Rb7 23. Bxa5 Ra8 24. Qd2 Rba7 25. b4 Qb5 26. a3 Qa4 27. Rf3 Rb7 28. h3 h4 29. Rfc3 Kg7 30. Nd4 Nxd4 31. Qxd4 Rxa5 32. f5 gxf5 33. Rc7 Raa7 34. Rxe7 Rxe7 35. Qxh4 Rec7 36. Qg5+ Kh7 37. Qh5+ Kg7 38. Qg5+ Kh7 39. Qh5+ Kg7 40. Qg5+ 1/2-1/2

[Event "RUS Cup Qualifier 5"]
[Site "chessassistantclub.com INT"]
[Date "2004.12.24"]
[Round "?"]
[White "Shomoev, Anton"]
[Black "Klimenko, Sergey"]
[Result "1-0"]
[WhiteElo "2486"]
[BlackElo "2429"]
[PlyCount "95"]
[EventDate "2004.12.24"]
[EventType "swiss (blitz)"]
[EventRounds "13"]
[EventCountry "RUS"]
[SourceTitle "CBM 104 Extra"]
[Source "ChessBase"]
[SourceDate "2005.03.01"]
[SourceVersion "1"]
[SourceVersionDate "2005.03.01"]
[SourceQuality "1"]

1. e4 c5 2. Nf3 d6 3. d4 cxd4 4. Nxd4 Nf6 5. Nc3 g6 6. Be3 Bg7 7. f3 a6 8. Qd2 h5 9. Bc4 b5 10. Bb3 Bb7 11. 0-0-0 Qc7 12. Kb1 Nbd7 13. Rhe1 Nb6 14. Qf2 Nc4 15. Bxc4 Qxc4 16. Qg3 0-0 17. Bg5 b4 18. Nce2 Rac8 19. Rc1 a5 20. Nf5 Rfe8 21. Nxg7 Kxg7 22. Nf4 Qb5 23. e5 dxe5 24. Rxe5 Rc5 25. Bxf6+ exf6 26. Nxh5+ Kf8 27. Rxe8+ Qxe8 28. Nxf6 Qc6 29. Ne4 Rd5 30. Qh4 Kg7 31. Qe7 Rd7 32. Qe5+ f6 33. Qxa5 Qc4 34. Qa7 Bc6 35. Qc5 Qxc5 36. Nxc5 Rd2 37. Nd3 Rxg2 38. Nxb4 Bxf3 39. c4 f5 40. c5 f4 41. c6 Bg4 42. a4 Rxh2 43. Ka2 Be6+ 44. Ka1 g5 45. a5 Rh8 46. b3 Rb8 47. a6 Rb5 48. Kb2 1-0

[Event "RUS Cup Qualifier 4"]
[Site "chessassistantclub.com INT"]
[Date "2004.11.25"]
[Round "?"]
[White "Klimenko, Sergey"]
[Black "Shipov, Sergei"]
[Result "1/2-1/2"]
[WhiteElo "2429"]
[BlackElo "2589"]
[PlyCount "90"]
[EventDate "2004.11.25"]
[EventType "swiss (blitz)"]
[EventRounds "13"]
[EventCountry "RUS"]
[SourceTitle "CBM 103 Extra"]
[Source "ChessBase"]
[SourceDate "2005.01.01"]
[SourceVersion "1"]
[SourceVersionDate "2005.01.01"]
[SourceQuality "1"]

1. d4 Nf6 2. c3 g6 3. Bf4 Bg7 4. Qc1 h6 5. h4 d5 6. Nf3 c5 7. g3 Nc6 8. Bg2 Qb6 9. 0-0 Bf5 10. dxc5 Qxc5 11. Nbd2 Rd8 12. Nb3 Qb6 13. Nbd4 Be4 14. Rd1 Ng4 15. Be3 Nxe3 16. Qxe3 0-0 17. Nxc6 bxc6 18. Qxb6 axb6 19. Nd4 Bxg2 20. Kxg2 Rc8 21. a4 e5 22. Nb3 Rb8 23. f3 b5 24. a5 b4 25. Nc5 Rb5 26. cxb4 Rxb4 27. Nd3 Rb5 28. e4 f5 29. Re1 fxe4 30. fxe4 Rb3 31. Ra3 Rxa3 32. bxa3 Ra8 33. exd5 cxd5 34. Nxe5 Bxe5 35. Rxe5 Rxa5 36. Re6 Kf7 37. Rd6 h5 38. Kf2 Kg7 39. Kg2 Kf7 40. Kf2 Rxa3 41. Rxd5 Ra2+ 42. Kf3 Ra3+ 43. Kf4 Ra4+ 44. Kf3 Ke6 45. Rb5 Ra3+ 1/2-1/2

[Event "RUS Cup Qualifier 3"]
[Site "chessassistantclub.com INT"]
[Date "2004.10.21"]
[Round "?"]
[White "Klimenko, Sergey"]
[Black "Maslak, Konstantin"]
[Result "0-1"]
[WhiteElo "2429"]
[BlackElo "2434"]
[PlyCount "124"]
[EventDate "2004.10.21"]
[EventType "swiss (blitz)"]
[EventRounds "13"]
[EventCountry "RUS"]
[SourceTitle "EXT 2006"]
[Source "ChessBase"]
[SourceDate "2005.11.24"]
[SourceVersion "1"]
[SourceVersionDate "2005.11.24"]
[SourceQuality "1"]

1. d4 d6 2. g3 g6 3. Bg2 Bg7 4. Nf3 Nf6 5. 0-0 0-0 6. Nc3 Nbd7 7. e4 e5 8. Re1 c6 9. a4 Re8 10. Be3 a5 11. h3 Qc7 12. Qd2 h5 13. Rad1 Nb6 14. b3 Nbd7 15. Ng5 Nf8 16. dxe5 dxe5 17. Qd6 Qxd6 18. Rxd6 Ne6 19. Nxe6 Bxe6 20. Red1 Bf8 21. R6d3 Bb4 22. Na2 Be7 23. Bb6 Nh7 24. Nc3 h4 25. Bc7 f6 26. gxh4 Nf8 27. Bd6 Kf7 28. Bf1 Bxd6 29. Rxd6 Ke7 30. R6d2 Nd7 31. Kh2 Nc5 32. Kg3 Rh8 33. Be2 Rh7 34. h5 gxh5 35. Kh2 Rg8 36. Bf3 h4 37. Rd6 Rhg7 38. R6d2 Bc8 39. Re2 Ne6 40. Ree1 Nd4 41. Re3 Nxc2 42. Red3 Nd4 43. Ne2 c5 44. Nc3 Be6 45. Nd5+ Bxd5 46. exd5 f5 47. Bh1 Kd6 48. Rc3 b6 49. Rcc1 e4 50. Rc3 Kxd5 51. f3 Rg3 52. fxe4+ fxe4 53. Rxg3 Rxg3 54. Re1 Nf3+ 55. Bxf3 Rxf3 56. Rd1+ Rd3 57. Rg1 Rxb3 58. Rg4 Rb2+ 59. Kg1 c4 60. Rxh4 c3 61. Rh7 c2 62. Rc7 Rb1+ 0-1

[Event "RUS Cup Qualifier 1"]
[Site "chessassistantclub.com INT"]
[Date "2004.09.07"]
[Round "?"]
[White "Nikiforov, Andrej"]
[Black "Klimenko, Sergey"]
[Result "1-0"]
[WhiteElo "2051"]
[BlackElo "2429"]
[PlyCount "55"]
[EventDate "2004.09.07"]
[EventType "swiss (blitz)"]
[EventRounds "13"]
[EventCountry "RUS"]
[SourceTitle "EXT 2006"]
[Source "ChessBase"]
[SourceDate "2005.11.24"]
[SourceVersion "1"]
[SourceVersionDate "2005.11.24"]
[SourceQuality "1"]

1. e4 c5 2. Nf3 d6 3. d4 cxd4 4. Qxd4 Nc6 5. Bb5 Bd7 6. Bxc6 bxc6 7. c4 Qb6 8. Qd2 Bg4 9. Nd4 e5 10. Nc2 Nf6 11. Nc3 Be7 12. 0-0 0-0 13. Ne3 Be6 14. b3 Rfd8 15. Ba3 Rd7 16. Na4 Qd4 17. Qa5 Bd8 18. Qa6 Qxe4 19. Rad1 Ne8 20. Rfe1 Qg6 21. Qxc6 Rb8 22. c5 d5 23. Rxd5 Bxd5 24. Qxd7 Nf6 25. Qd6 Bxg2 26. Nxg2 Rc8 27. c6 Qc2 28. Qf8# 1-0

[Event "RUS Cup Qualifier 1"]
[Site "chessassistantclub.com INT"]
[Date "2004.09.07"]
[Round "?"]
[White "Pugachov, Alexey"]
[Black "Klimenko, Sergey"]
[Result "1-0"]
[WhiteElo "2499"]
[BlackElo "2429"]
[PlyCount "75"]
[EventDate "2004.09.07"]
[EventType "swiss (blitz)"]
[EventRounds "13"]
[EventCountry "RUS"]
[SourceTitle "EXT 2006"]
[Source "ChessBase"]
[SourceDate "2005.11.24"]
[SourceVersion "1"]
[SourceVersionDate "2005.11.24"]
[SourceQuality "1"]

1. e4 c5 2. Nf3 d6 3. Bb5+ Nd7 4. d4 cxd4 5. Qxd4 a6 6. Bxd7+ Bxd7 7. Bg5 h6 8. Bh4 Qc7 9. Nc3 e6 10. 0-0-0 Qc5 11. Qxc5 dxc5 12. Ne5 Bc6 13. Nxc6 bxc6 14. f3 Nf6 15. Na4 Rb8 16. c4 Nd7 17. Rd3 g5 18. Bg3 Rb4 19. b3 Be7 20. Rhd1 Rb7 21. Bd6 Bf6 22. Nxc5 Ra7 23. Nxd7 Rxd7 24. Bc5 Rxd3 25. Rxd3 Be5 26. Bd6 Bf6 27. Kc2 h5 28. b4 g4 29. f4 h4 30. Ra3 Kd7 31. e5 Bd8 32. Rxa6 f5 33. Ra7+ Kc8 34. Rg7 h3 35. g3 c5 36. bxc5 Ba5 37. Ra7 Bd8 38. c6 1-0

[Event "Yalta op"]
[Site "Yalta"]
[Date "1996.??.??"]
[Round "5"]
[White "Goloshchapov, Alexander"]
[Black "Klimenko, Sergey"]
[Result "1/2-1/2"]
[WhiteElo "2445"]
[BlackElo "2310"]
[PlyCount "33"]
[EventDate "1996.??.??"]
[EventType "swiss"]
[EventRounds "11"]
[EventCountry "UKR"]
[SourceTitle "EXT 1998"]
[Source "ChessBase"]
[SourceDate "1997.11.17"]
[SourceVersion "1"]
[SourceVersionDate "1997.11.17"]
[SourceQuality "1"]

1. e4 c5 2. Nf3 d6 3. d4 cxd4 4. Nxd4 Nf6 5. Nc3 g6 6. Be3 Bg7 7. f3 a6 8. Qd2 h5 9. 0-0-0 b5 10. Nd5 Bb7 11. Nb3 Nbd7 12. Na5 Bxd5 13. exd5 Rc8 14. Nc6 Qc7 15. Nb4 Qb7 16. Be2 Ne5 17. f4 1/2-1/2

[Event "RUS-Cup01 Chigorin Memorial"]
[Site "St Petersburg"]
[Date "1996.??.??"]
[Round "9"]
[White "Klimenko, Sergey"]
[Black "Uchitel, Stas"]
[Result "0-1"]
[WhiteElo "2345"]
[BlackElo "2350"]
[PlyCount "100"]
[EventDate "1996.11.??"]
[EventType "swiss"]
[EventRounds "9"]
[EventCountry "RUS"]
[SourceTitle "CBM 056 Extra"]
[Source "ChessBase"]
[SourceDate "1997.03.01"]
[SourceVersion "1"]
[SourceVersionDate "1997.03.01"]
[SourceQuality "1"]

1. d4 Nf6 2. c4 g6 3. Nc3 Bg7 4. e4 d6 5. Be2 0-0 6. Nf3 e5 7. d5 a5 8. Bg5 Na6 9. Nd2 Qe8 10. 0-0 Bd7 11. Rb1 h6 12. Be3 Nh7 13. b3 f5 14. exf5 gxf5 15. f3 Qg6 16. Bd3 e4 17. Ncxe4 fxe4 18. Nxe4 Bf5 19. a3 Nf6 20. Nxf6+ Rxf6 21. Bxf5 Rxf5 22. Qd2 Re8 23. Rbe1 Rfe5 24. Bf2 Rxe1 25. Rxe1 b6 26. Rxe8+ Qxe8 27. Be3 Kh7 28. Kf2 Qf7 29. b4 axb4 30. axb4 Qf6 31. c5 Qb2 32. cxd6 Qxd2+ 33. Bxd2 Bd4+ 34. Ke2 cxd6 35. Kd3 Bf6 36. Kc4 Nc7 37. Bf4 b5+ 38. Kd3 Ne8 39. Bd2 Kg6 40. Ke4 Be5 41. f4 Nf6+ 42. Kf3 Bb2 43. g4 Nxd5 44. f5+ Kg7 45. h4 Bc3 46. Bxc3+ Nxc3 47. g5 h5 48. Ke3 Nd5+ 49. Kd4 Nxb4 50. Kc3 Nc6 0-1

[Event "Yalta op"]
[Site "Yalta"]
[Date "1996.??.??"]
[Round "2"]
[White "Koziak, Vitali"]
[Black "Klimenko, Sergey"]
[Result "1/2-1/2"]
[WhiteElo "2450"]
[BlackElo "2310"]
[PlyCount "42"]
[EventDate "1996.??.??"]
[EventType "swiss"]
[EventRounds "11"]
[EventCountry "UKR"]
[SourceTitle "EXT 1998"]
[Source "ChessBase"]
[SourceDate "1997.11.17"]
[SourceVersion "1"]
[SourceVersionDate "1997.11.17"]
[SourceQuality "1"]

1. e4 c5 2. Nf3 d6 3. Bb5+ Bd7 4. Bxd7+ Nxd7 5. 0-0 Ngf6 6. Re1 e6 7. c4 Be7 8. d4 0-0 9. d5 e5 10. Nc3 Ne8 11. Rb1 Qc8 12. Be3 g6 13. b4 cxb4 14. Rxb4 f5 15. exf5 gxf5 16. Bg5 Rf7 17. Qb1 Nc5 18. Na4 Ne4 19. Be3 Bd8 20. Rc1 b6 21. Nc3 N8f6 1/2-1/2

[Event "RUS-Cup01 Chigorin Memorial"]
[Site "St Petersburg"]
[Date "1996.??.??"]
[Round "6"]
[White "Krishilovsky, A."]
[Black "Klimenko, Sergey"]
[Result "1-0"]
[WhiteElo "2150"]
[BlackElo "2345"]
[PlyCount "83"]
[EventDate "1996.11.??"]
[EventType "swiss"]
[EventRounds "9"]
[EventCountry "RUS"]
[SourceTitle "CBM 056 Extra"]
[Source "ChessBase"]
[SourceDate "1997.03.01"]
[SourceVersion "1"]
[SourceVersionDate "1997.03.01"]
[SourceQuality "1"]

1. d4 Nf6 2. Nf3 g6 3. c4 Bg7 4. Nc3 d5 5. Bg5 Ne4 6. cxd5 Nxc3 7. bxc3 Qxd5 8. e3 Nc6 9. Bf4 0-0 10. Be2 Qa5 11. 0-0 e5 12. Nxe5 Nxe5 13. Bxe5 Bxe5 14. dxe5 Qxe5 15. Qd4 Qe7 16. Rab1 Rd8 17. Qa4 Bd7 18. Qb4 Qxb4 19. Rxb4 Bc6 20. Rd4 Rxd4 21. cxd4 Rd8 22. Rc1 Kf8 23. h4 h6 24. Bf3 Rd6 25. Bxc6 Rxc6 26. Rxc6 bxc6 27. Kf1 Ke7 28. Ke2 Kd6 29. Kd3 c5 30. Kc4 cxd4 31. exd4 Ke6 32. d5+ Kd6 33. Kd4 f6 34. g4 a5 35. a4 c6 36. dxc6 Kxc6 37. Kc4 h5 38. gxh5 gxh5 39. f3 f5 40. f4 Kd6 41. Kd4 Kc6 42. Ke5 1-0

[Event "RUS-Cup01 Chigorin Memorial"]
[Site "St Petersburg"]
[Date "1996.??.??"]
[Round "1"]
[White "Macieja, Bartlomiej"]
[Black "Klimenko, Sergey"]
[Result "1-0"]
[WhiteElo "2460"]
[BlackElo "2345"]
[PlyCount "61"]
[EventDate "1996.11.??"]
[EventType "swiss"]
[EventRounds "9"]
[EventCountry "RUS"]
[SourceTitle "CBM 056 Extra"]
[Source "ChessBase"]
[SourceDate "1997.03.01"]
[SourceVersion "1"]
[SourceVersionDate "1997.03.01"]
[SourceQuality "1"]

1. e4 e6 2. d4 d5 3. Nc3 Bb4 4. e5 c5 5. a3 Bxc3+ 6. bxc3 Ne7 7. Qg4 0-0 8. Bd3 c4 9. Bh6 Ng6 10. Bxg6 fxg6 11. Be3 Bd7 12. h4 Rf7 13. h5 gxh5 14. Qxh5 g6 15. Qh3 Qe7 16. Nf3 Rf5 17. g4 Rxf3 18. Qxf3 Nc6 19. Qh3 Rc8 20. Bg5 Qf7 21. Rh2 Rc7 22. Kd2 Bc8 23. Bf6 b6 24. Qe3 Qe8 25. Rah1 Qf8 26. Qg5 Rb7 27. Rxh7 Rxh7 28. Qxg6+ Rg7 29. Bxg7 Qxg7 30. Qe8+ Qf8 31. Rh8+ 1-0